Paisley and sarasa / (Record no. 352580)

000 -LEADER
fixed length control field 00907 a2200253 4500
003 - CONTROL NUMBER IDENTIFIER
control field OSt
005 - DATE AND TIME OF LATEST TRANSACTION
control field 20180116192339.0
008 - FIXED-LENGTH DATA ELEMENTS--GENERAL INFORMATION
fixed length control field 120525t xxu||||| |||| 00| 0 eng d
020 ## - INTERNATIONAL STANDARD BOOK NUMBER
International Standard Book Number 4763680935 (paperback)
020 ## - INTERNATIONAL STANDARD BOOK NUMBER
International Standard Book Number 9784763680938 (paperback)
040 ## - CATALOGING SOURCE
Transcribing agency 0
082 ## - DEWEY DECIMAL CLASSIFICATION NUMBER
Classification number 745.2
100 1# - MAIN ENTRY--PERSONAL NAME
Personal name Editorial, C Itoh Trading.
9 (RLIN) 2173
245 10 - TITLE STATEMENT
Title Paisley and sarasa /
Statement of responsibility, etc. C Itoh Trading Editorial.
260 ## - PUBLICATION, DISTRIBUTION, ETC.
Place of publication, distribution, etc. Sanjo agaru :
Name of publisher, distributor, etc. Kyoto Shoin International,
Date of publication, distribution, etc. 1992.
300 ## - PHYSICAL DESCRIPTION
Extent 80 p. :
Other physical details ill.,
Dimensions 24 cm.
490 1# - SERIES STATEMENT
Series statement World textile collections, no 3.
650 0# - SUBJECT ADDED ENTRY--TOPICAL TERM
Topical term or geographic name entry element Paisley design
General subdivision Themes, motives
9 (RLIN) 2174
650 0# - SUBJECT ADDED ENTRY--TOPICAL TERM
Topical term or geographic name entry element Textile design
General subdivision Themes, motives
9 (RLIN) 2175
830 #0 - SERIES ADDED ENTRY--UNIFORM TITLE
Uniform title World textile collections, no 3.
9 (RLIN) 2176
856 40 - ELECTRONIC LOCATION AND ACCESS
Materials specified Amazon.com
Uniform Resource Identifier <a href="http://www.amazon.com/exec/obidos/ASIN/4763680935/chopaconline-20">http://www.amazon.com/exec/obidos/ASIN/4763680935/chopaconline-20</a>
942 ## - ADDED ENTRY ELEMENTS (KOHA)
Institution code [OBSOLETE] SADA
Koha item type Book
Call number prefix 745.2 PAI 1992
Source of classification or shelving scheme
Holdings
Withdrawn status Lost status Source of classification or shelving scheme Damaged status Not for loan Permanent Location Current Location Date acquired Total Checkouts Full call number Barcode Date last seen Cost, replacement price Price effective from Koha item type
          School of Art Design and Architecture (SADA) School of Art Design and Architecture (SADA) 02/17/2011   745.2 PAI 1992 SADA0000644 08/05/2011 1987.00 08/05/2011 Book
© 2023 Central Library, National University of Sciences and Technology. All Rights Reserved.